| 000 | 01619nam2a2200277 4500 | ||
|---|---|---|---|
| 001 | RU\NLR\DIGIT\33541 | ||
| 005 | 20250613202543.0 | ||
| 035 | _a(NLR Aleph) 010121287 | ||
| 090 |
_a9999979 _c9999979 |
||
| 100 | _a20060503j19331118|||y0rusy50 ca | ||
| 101 | 0 |
_arus _gost |
|
| 102 | _aRU | ||
| 135 | _acrbn 001aaaup | ||
| 200 | 1 | _a№ 96(302) | |
| 210 |
_aСамарово _eОстяко-Вогульская Тип. Тоб. Куст. объединения Уралгазеттреста _d18 ноября 1933 |
||
| 215 | _a4 с. | ||
| 325 | _aOstyako-Vogul'skaya_pravda_1933_N096 | ||
| 325 | _aКопия доступна в Электрон. б-ке РНБ http://vivaldi.nlr.ru/pn000004879/view | ||
| 461 | 0 |
_1001RU\NLR\DIGIT\33345 _12001#$aHantь-Mansi Sop$d(Остяко-Вогульская правда)$eОрган ОК ВКП(б), Окрисполкома и Окрпрофсовета Остяко-Вогульского округа$v№ 96(302)$zrus _1210##$aСамарово$d1933 _99999531 _cХанты-Мансийск _d1931-1941 _oорган Ханты-Мансийского окружного и Самаровского РК ВКП (б) и Ханты-Мансийского окружного Совета народных депутатов _tОстяко-Вогульская правда _v№ 96(302)$zrus |
|
| 801 | 2 |
_aRU _bNLR _c20070626 _2rusmarc |
|
| 852 |
_aNLR _jС 40130 |
||
| 942 | _cISSNP | ||
| 980 | _aNB | ||
| 981 | 3 | 6 | _a(36) Цифровой репозиторий РНБ |
| 981 | 2 | 7 |
_a(27) Периодические издания _b(27) Газеты |